|
|
|
|
| LEADER |
00000nam0a2200000 4500 |
| 001 |
367904 |
| 005 |
20231102012029.0 |
| 035 |
|
|
|a (RuTPU)RU\TPU\retro\25267
|
| 090 |
|
|
|a 367904
|
| 100 |
|
|
|a 20220325d1979 km y0rusy50 ca
|
| 101 |
0 |
|
|a rus
|
| 102 |
|
|
|a RU
|
| 105 |
|
|
|a a z 001zy
|
| 200 |
1 |
|
|a Получение композиционных покрытий методом химического осаждения
|f А. И. Борисенко, И. В. Гусева
|g Академия наук СССР, Институт химии силикатов им. И. В. Гребенщикова
|
| 210 |
|
|
|a Ленинград
|c Наука
|d 1979
|
| 215 |
|
|
|a 55 с.
|c ил.
|
| 320 |
|
|
|a Библиогр.: с. 51-53
|
| 606 |
1 |
|
|a Композиционные материалы
|x Применение в качестве покрытия
|2 stltpush
|3 (RuTPU)RU\TPU\subj\15042
|9 41340
|
| 610 |
1 |
|
|a дисперсноупрочненные композиционные материалы
|
| 610 |
1 |
|
|a композиционные покрытия
|
| 610 |
1 |
|
|a получение
|
| 610 |
1 |
|
|a химическое восстановление
|
| 610 |
1 |
|
|a никелевые композитные покрытия
|
| 610 |
1 |
|
|a медные композитные покрытия
|
| 610 |
1 |
|
|a химическое осаждение
|
| 675 |
|
|
|a 621.793
|v 4
|
| 700 |
|
1 |
|a Борисенко
|b А. И.
|g Анатолий Исидорович
|
| 701 |
|
1 |
|a Гусева
|b И. В.
|g Ирина Васильевна
|
| 712 |
0 |
2 |
|a Академия наук СССР
|b Институт химии силикатов им. И. В. Гребенщикова
|c (Ленинград)
|2 stltpush
|3 (RuTPU)RU\TPU\col\11534
|9 25160
|
| 801 |
|
1 |
|a RU
|b 63413507
|c 20220325
|
| 801 |
|
2 |
|a RU
|b 63413507
|c 20220325
|g RCR
|
| 942 |
|
|
|c BK
|